000 07714namaa22004451i 4500
003 EG-GICUC
005 20260427212524.0
008 260427s2025 ua a|||frm||| 000 0 eng d
040 _aEG-GICUC
_beng
_cEG-GICUC
_dEG-GICUC
_erda
041 0 _aeng
_beng
_bara
049 _aDeposit
082 0 4 _a615.82
092 _a615.82
_221
097 _aPh.D
099 _aCai01.21.04.Ph.D.2025.Pe.E
100 0 _aPeter Bahgat Milad,
_epreparation.
245 1 0 _aEffect of transcutaneous electrical nerve stimulation versus capsicum plaster on emesis gravidarum /
_cby Peter Bahgat Milad ; Supervisors Prof. Dr Hala Mohamed Hanafy, Prof. Dr. Mohamed Ahmed Mohamed Awad, Prof. Dr Amir Arabi Gabr.
246 1 5 _aتأثير التنبيه الكهربائى للعصب الحسي عبر الجلد مقابل شريط الكابسيكوم اللاصق على القىء والغثيان أثناء الحمل
264 0 _c2025.
300 _a113 pages :
_billustrations ;
_c25 cm. +
_eCD.
336 _atext
_2rda content
337 _aUnmediated
_2rdamedia
338 _avolume
_2rdacarrier
502 _aThesis (Ph.D)-Cairo University, 2025.
504 _aBibliography: pages 85-93.
520 3 _aObjectives: To determine the difference between the effect of transcutaneous electrical nerve stimulation and capsicum plaster on emesis gravidarum. Design: Randomized clinical trial. Location: This study was conducted at Kasr Al Ainy University Hospital, Cairo, Egypt. Subjects: Fifty volunteers of pregnant women suffered from emesis gravidarum divided randomly into two equal groups. Their ages ranged from 20–35 years, Their body mass indices did not exceed 35 kg/ m2 .Their gestational ages were less than 20 weeks, They had mild to moderate nausea and vomiting and they had singleton pregnancy. Intervention: Group (A): received transcutaneous electrical nerve stimulation (TENS) on p6 point for 15 minutes daily for 30 consecutive days with following parameters Frequency: 80–120 Hz, Pulse width: 150 μs. Group (B): received capsicum plaster on p6 point for 12 hours per day for 30 consecutive days. Outcome measures: Rhodes index for nausea, vomiting and retching and modified pregnancy unique quantification of emesis. Evaluation was performed before and after treatment. Results: Within group comparison in group (A) and (B): there was significance difference in both groups between pre and post results in both questionnaires. between group comparisons: there was no significant difference between group (A) and (B) in intensity of distress due to retching, intensity of distress due to vomiting, volume of vomiting, amount and intensity of distress due to nausea per 24 hours. But there was significance difference between groups (A) and (B) in favor of group (B) in frequency of vomiting, frequency of retching, frequency and duration of nausea per 24 hours and in total score of both questionnaires. Conclusion: transcutaneous electrical nerve stimulation and capsicum plaster are both effective in the treatment of emesis gravidarum. Capsicum plaster is more effective than transcutaneous electrical nerve stimulation in decreasing the frequency of nausea, retching and vomiting and in decreasing the duration of nausea.
520 3 _aالأهداف: تهدف هذه الدراسه إلى تقييم تأثير التنبيه الكهربائى للعصب الحسي عبر الجلد مقابل شريط الكابسيكوم اللاصق على القىء والغثيان اثناء الحمل. التصميم: تجربة سريرية عشوائية الموقع: مستشفى قصر العيني الجامعي، القاهرة، مصر. المشاركون: خمسون امرأة حامل تعاني من القيء والغثيان والتهوع اثناء الحمل، تم تقسيمهن عشوائيا إلى مجموعتين متساويتين في العدد (أ,ب). تراوحت أعمارهن بين ٢٠ –۳٥ سنة، وعلى الا يتجاوز عمر الحمل ٢٠ اسبوع، و ان يكون القىء و الغثيان بدرجه خفيفه لمتوسطه وان يكون الحمل بجنين واحد. التدخل: مجموعة الدراسة (أ): تكونت من ٢٥ امرأة حامل تعاني من القيء والغثيان والتهوع اثناء الحمل تلقت كل منهن العلاج بواسطة التنبيه الكهربائى للعصب الحسي عبر الجلد علي منطقه (ب ٦ نقطه نيجوان للوخز بالإبر) بالمعطيات الأتية بتردد ۸٠– ۱٢٠هرتز، عرض نبضه ۱٥٠ مايكرو ثانيه لمده خمسه عشر دقيقه لمده ۳٠ يوم متتالية. مجموعة الدراسة (ب): تكونت من ٢٥ امرأة حامل تعاني من القيء والغثيان والتهوع اثناء الحمل تلقت كل منهن العلاج بواسطة شريط الكابسيكوم اللاصق على منطقه (ب ٦ نقطه نيجوان للوخز بالابر) لمده اثني عشر ساعة لمده ۳٠ يوم متتالية. التقييم: تم تقييم المجموعتان قبل وبعد الجلسات من خلال مؤشر رودس للقيء والغثيان والتهوع ومن خلال المقياس الكمي الفريد المعدل للقئ والغثيان والتهوع في الحمل. النتائج بالمقارنه بنتائج داخل المجموعات للمجموعة(أ) و(ب)تلاحظ وجود اختلاف ذو دلالة احصائية ملحوظة بين نتائج ما قبل وبعد العلاج في الاستبيانين. اما عند مقارنة نتائج ما بين المجموعات تبين عدم وجود اختلاف ذو دلالة احصائية ملحوظة للمجموعات(أ) و(ب) في شده الانزعاج من التهوع، في شده الانزعاج من التقيؤ، كميه التقيؤ وشده الانزعاج من الغثيان لكن يوجد اختلاف ذو دلاله إحصائية ملحوظة للمجموعات(أ) و(ب) في عدد مرات التقيؤ، التهوع، عدد مرات ومده الغثيان خلال ٢٤ ساعه وفي عدد النقاط الكلي للاستبيانين لصالح مجموعه (ب) الاستنتاج: التنبيه الكهربائى للعصب الحسي عبر الجلد وشريط الكابسيكوم اللاصق كلاهما مؤثران في علاج الغثيان والقيء والتهوع اثناء الحمل. شريط الكابسيكوم اللاصق مؤثر أكثر من التنبيه الكهربائى للعصب الحسي عبر الجلد في تقليل عدد مرات الغثيان والتهوع والقيء وتقليل مده الغثيان.
530 _aIssues also as CD.
546 _aText in English and abstract in Arabic & English.
650 0 _aPhysical Therapy
650 0 _aالعلاج الطبيعي
653 1 _aTENS
_aCapsicum plaster
_aemesis gravidarum
_anausea
_avomiting
_aretching
_aRhodes index
_apregnancy and MPUQE.
_aالتنبيه الكهربائى للعصب الحسي عبر الجلد
_aشريط الكابسيكوم
700 0 _aHala Mohamed Hanafy
_ethesis advisor.
700 0 _aMohamed Ahmed Mohamed Awad
_ethesis advisor.
700 0 _aAmir Arabi Gabr
_ethesis advisor.
900 _b01-01-2025
_cHala Mohamed Hanafy
_cMohamed Ahmed Mohamed Awad
_cAmir Arabi Gabr
_UCairo University
_FFaculty of Physical Therapy
_DDepartment of Physical Therapy for Women Health
905 _aShimaa
942 _2ddc
_cTH
_e21
_n0
999 _c179777